Guess the Fusion Rock Song Lyrics #54 - Statistics

General Stats
  • This quiz has been taken 15 times
  • The average score is 116 of 157
Answer Stats
Answer % Correct
I
100%
the
100%
you
100%
know
92%
me
92%
my
92%
we
92%
and
85%
And
85%
don't
85%
Don't
85%
it
85%
like
85%
on
85%
Then
85%
to
85%
want
85%
What
85%
what
85%
Why
85%
you're
85%
Just
77%
right
77%
Come
69%
for
69%
hold
69%
away
62%
here
62%
Into
62%
night
62%
No
62%
show
62%
told
62%
ain't
54%
Baby
54%
Make
54%
steal
54%
way
54%
tonight
46%
after
38%
Ooh
38%
please
38%
babe
31%
came
31%
Robbie Dupree
31%
tease
31%
caught
23%
glancing
23%
chances
8%
second
8%
No matching quizzes found
Score Distribution
Percent of People with Each Score
Percentile by Number Answered
Your Score History
You have not taken this quiz